000 00561nam a2200229Ia 4500
003 OSt
005 20221005132710.0
006 a|||||r|||| 00| 0
007 ta
008 221004b |||||||| |||| 00| 0 eng d
024 _a59436
037 _cTextual
040 _aCRL
_cCRL
_beng
041 _2eng
_aeng
082 _aU8:498:N0, D52
100 _aCandler Edmund
_9641495
245 0 _aUnveiling of Lhasa
260 _c1905
650 _aGEOGRAPHY
942 _hU8:498:N0, D52
_cTEXL
_2cc
999 _c1064542
_d1064542